000 00338 a2200157 4500
001 59887
020 _a9783800052554
040 _cAnchieta - Pituba
100 _aHohlbein, Heike
240 1 0 _aMärchenmond
_lpor
245 1 0 _aMärchenmond
300 _a395
362 0 _a2006
650 4 _aLiteratura juvenil em alemão
942 _cBK
999 _c59887
_d59887